Most Commonly Prescribed Drugs - Statistics

General Stats
  • This quiz has been taken 99 times
  • The average score is 8 of 20
Answer Stats
Rank Drug Class Indication Number of items dispensed (millions) Drug % Correct
16 Statin Hypercholesterolaemia 10.9 Atorvastatin
68%
2 NSAID Anticoagulation/Pain 33.9 Aspirin
64%
19 Vaccine Infection prevention 10.0 Influenza Vaccine
59%
8 Proton pump inhibitor Gastroesophageal reflux 18.3 Omeprazole
58%
3 Thyroid hormone Hypothyroidism 21.9 Levothyroxine Sodium
57%
13 Biguanide Diabetes 12.8 Metformin Hydrochloride
57%
14 Penicillin Bacterial infection 12.8 Amoxicillin
54%
6 Pain Killer Pain 18.8 Paracetamol
54%
1 Statin Hypercholesterolaemia 37.3 Simvastatin
50%
7 β2 agonist Asthma 18.7 Salbutamol
49%
9 Calcium channel blocker Hypertension 16.5 Amlodipine
46%
15 Diuretic Oedema 11.6 Furosemide
42%
18 Vitamin supplement Osteoporosis 10.2 Ergocalciferol
39%
20 ACE inhibitor Hypertension 9.6 Lisinopril
31%
4 ACE inhibitor Hypertension 19.3 Ramipril
31%
12 Beta-blocker Hypertension 13.5 Atenolol
27%
17 Selective serotonin reuptake inhibitor Depression 10.4 Citalopram Hydrobromide
22%
11 Opioid plus #6 Pain 14.6 Co-Codamol (Codeine/Paracetamol)
19%
10 Proton pump inhibitor Gastroesophageal reflux 14.9 Lansoprazole
18%
5 Diuretic Oedema 18.8 Bendroflumethiazide
5%
No matching quizzes found
Score Distribution
Percent of People with Each Score
Percentile by Number Answered
Your Score History
You have not taken this quiz